Statistiques concernant Personnages Harry Potter - M

Cliquez ici pour prendre le quiz!

Statistiques générales

  • Ce quiz a été pris 291 fois
  • Le résultat moyen est 6 sur 18

Statistiques - réponses

Non Personnages% Correct
12Minerva McGonagall
84%
13Molly Weasley
81%
11Mimi Geignarde
48%
15Mondingus Fletcher
48%
8Mérope Gaunt
39%
10Millicent Bulstrode
39%
7Marvolo Gaunt
34%
5Marge Dursley
31%
16Morfin Gaunt
31%
1Mafalda Hopkrik
29%
3Marcus Belby
23%
4Marcus Flint
23%
6Marietta Edgecombe
22%
9Michael Corner
20%
17Muriel Weasley
19%
18Le Moine Gras
16%
14Molly Junior Weasley
10%
2Magorian
9%

Distribution des résultats

Percentile par nombre de réponses

% des personnes avec chaque résultat

Votre développement - résultats

Vous n’avez pas pris ce quiz